[Event "Krakow Malopolski Cup"]
[Site "Krakow"]
[Date "2022.08.09"]
[Round "9"]
[White "Slabek, Grzegorz"]
[Black "Grabowski, Czeslaw"]
[Result "1-0"]
[WhiteElo "1945"]
[BlackElo "1374"]
[PlyCount "119"]
[EventDate "2022.08.04"]
[EventType "swiss"]
[EventRounds "9"]
[EventCountry "POL"]
[SourceTitle "CBM 209 Extra"]
[Source "ChessBase"]
[SourceDate "2022.09.30"]
[SourceVersion "1"]
[SourceVersionDate "2022.09.30"]
[SourceQuality "1"]

1. Nf3 b6 2. e3 Bb7 3. Be2 e6 4. d4 Nf6 5. b3 d5 6. Bb2 Bd6 7. Nbd2 Nbd7 8. Ne5 0-0 9. 0-0 Rc8 10. c4 a5 11. a3 Re8 12. f4 Nf8 13. Bf3 N6d7 14. e4 f6 15. Nxd7 Qxd7 16. e5 Be7 17. Rc1 f5 18. c5 bxc5 19. dxc5 c6 20. Bd4 Ba6 21. Re1 Rb8 22. Qc2 g5 23. fxg5 Bxg5 24. Be3 Qg7 25. Bxg5 Qxg5 26. Qc3 a4 27. b4 Ng6 28. g3 f4 29. Bg2 fxg3 30. hxg3 Ne7 31. Qe3 Qxe3+ 32. Rxe3 Nf5 33. Rec3 Nd4 34. Bf3 Rf8 35. Kg2 Be2 36. Re1 Bxf3+ 37. Nxf3 Nb5 38. Rd3 Rb7 39. Nd4 Nxd4 40. Rxd4 Rf5 41. Rg4+ Rg7 42. Rxg7+ Kxg7 43. Re3 h5 44. Re1 Rg5 45. Kf3 Kf7 46. Re3 Ke7 47. Ke2 Kd7 48. Kd3 Rg4 49. Rf3 Ke7 50. Re3 h4 51. gxh4 Rxh4 52. Rg3 Rh7 53. Kc3 Kf7 54. b5 cxb5 55. Kb4 Rg7 56. Rxg7+ Kxg7 57. c6 d4 58. c7 d3 59. c8Q d2 60. Qd7+ 1-0

[Event "Krakow Malopolski Cup"]
[Site "Krakow"]
[Date "2022.08.05"]
[Round "4"]
[White "Morczynski, Ryszard"]
[Black "Grabowski, Czeslaw"]
[Result "1-0"]
[WhiteElo "1134"]
[BlackElo "1374"]
[PlyCount "79"]
[EventDate "2022.08.04"]
[EventType "swiss"]
[EventRounds "9"]
[EventCountry "POL"]
[SourceTitle "CBM 209 Extra"]
[Source "ChessBase"]
[SourceDate "2022.09.30"]
[SourceVersion "1"]
[SourceVersionDate "2022.09.30"]
[SourceQuality "1"]

1. e4 b6 2. d4 Bb7 3. Bd3 e6 4. Nf3 Nf6 5. Qe2 d6 6. 0-0 Be7 7. Nc3 a6 8. h3 b5 9. Bf4 Nfd7 10. e5 d5 11. Rad1 c5 12. dxc5 Nxc5 13. Rfe1 Nxd3 14. Qxd3 Nd7 15. Nd4 Rc8 16. Qg3 g6 17. Re3 Nb6 18. b3 b4 19. Nce2 a5 20. Rf3 Ba6 21. Rc1 h6 22. Nxe6 Qd7 23. N2d4 g5 24. Ng7+ Kd8 25. e6 Qb7 26. Be5 Rc3 27. exf7 Rxf3 28. Qxf3 Rf8 29. Nge6+ Kc8 30. Nxf8 Bxf8 31. Ne6 Qe7 32. Qf5 Nd7 33. Re1 Bb5 34. Nxf8 Qxf8 35. Qe6 Kb7 36. Qxd5+ Bc6 37. Qe6 Nb6 38. Bd6 Bd7 39. Bxf8 Bxe6 40. Rxe6 1-0

[Event "Krakow Malopolski Cup"]
[Site "Krakow"]
[Date "2022.08.04"]
[Round "1"]
[White "Grabowski, Czeslaw"]
[Black "Plesiuk, Jan"]
[Result "1/2-1/2"]
[WhiteElo "1374"]
[BlackElo "1612"]
[PlyCount "122"]
[EventDate "2022.08.04"]
[EventType "swiss"]
[EventRounds "9"]
[EventCountry "POL"]
[SourceTitle "CBM 209 Extra"]
[Source "ChessBase"]
[SourceDate "2022.09.30"]
[SourceVersion "1"]
[SourceVersionDate "2022.09.30"]
[SourceQuality "1"]

1. Nf3 d5 2. d4 Bf5 3. c4 e6 4. Qb3 b6 5. g3 Nc6 6. Bg2 Na5 7. Qa4+ Ke7 8. cxd5 exd5 9. 0-0 Qd7 10. Qxd7+ Bxd7 11. Ne5 Be6 12. Nc3 f6 13. Nd3 c6 14. Nf4 Bf5 15. e4 dxe4 16. Nxe4 Rd8 17. Re1 Kf7 18. Be3 Nc4 19. b3 Nxe3 20. fxe3 c5 21. dxc5 Bxe4 22. Bxe4 Bxc5 23. Kf2 Ne7 24. Red1 g5 25. Nd3 Bd6 26. Ne1 h5 27. Nf3 h4 28. Kg2 hxg3 29. hxg3 Bc5 30. Re1 g4 31. Nh4 Rd2+ 32. Kf1 f5 33. Bb7 Rhd8 34. Re2 Kf6 35. Rae1 Kg5 36. Rxd2 Rxd2 37. Re2 Rd3 38. Ng2 Ng6 39. Ba6 Rc3 40. Ke1 Bb4 41. Kd1 Ne5 42. Rc2 Rc5 43. Rxc5 Bxc5 44. Kc2 Bb4 45. Kb2 Nf3 46. a3 Bd6 47. Nf4 Kf6 48. b4 Ke5 49. Bb7 Nd2 50. Ba6 Ne4 51. Nh5 Ke6 52. Bc8+ Ke5 53. Kc2 Kd5 54. Bxf5 Nxg3 55. Bxg4 Nxh5 56. Bxh5 Ke4 57. Kd2 a5 58. bxa5 bxa5 59. Bg6+ Ke5 60. a4 Bb4+ 61. Kd3 Be1 1/2-1/2